1137 1037 1396 1807 1283 1913 1239 1383 1275 1229 1128 1443 1744 1535 1288 1783 1995 1485 1889 1873 1223 1019 1363 1674 1558 1037 1733 1021 1967 1191 1839 1681 1794 1224 1457 1854 1882 1143 1275 1883 1721 1520 1401 1930 1097 1622 1096 1770 1468 1572 1090 1605 1299 1216 1565 1408 1019 1739 1470 1787 1790 1503 1710 1776 1266 1102 1774 1328 1455 1648 1643 1306 1986 1082 1713 1022 1277 1389 1798 1164 1512 1421 1974 1359 1293 1450 1063 1598 1801 1504 1549 1016 1052 1813 1570 1915 1243 1368 1084 BCNSPRNW ULIB Ver.6.0+V

เปลี่ยนเป็นภาษาไทย

Change to English
 แสดงรายละเอียดบรรณานุกรม
  กลับหน้าหลัก

Brief Record : Get Marc (ISO 2709) : E-mail record : QR code < ปิดหน้าต่าง
LEADER : 00000nam 2200000uu 4500
001    13399126575
003     ULIB
008    181122s2558||||th 000 0 tha d
020    ^a9786165433303
050  4 ^aDS578.32^bก443บ
245 00 ^aบันทึกประวัติศาสตร์ ปั่นเพื่อพ่อเฉลิมพระเกียรติ 88 พรรษา ทวยราษฎร์จงรักล้ำปิตุรงค์ /^cกระทรวงวัฒนธรรม
250    ^aพิมพ์ครั้งที่ 1
260    ^aกรุงเทพฯ :^bบริษัทอมรินทร์พริ้นติ้งแอนด์พับลิชชิ่ง จำกัด (มหาชน),^c2558
300    ^a308หน้า :^bภาพประกอบสี ;^c30 ซม.
945    ^p0^l0^i26865
999    ^aกัณชพร จุลอักษร
รายการนี้ยังไม่มีแท็ก
คุณยังไม่ได้ล็อกอิน คุณสามารถมีกิจกรรมร่วมกับเว็บไซต์ได้ แต่ต้องล็อกอินก่อน ::
  ล็อกอิน

รายการสื่อสารสนเทศ

ลำดับที่ ประเภท เลขเรียก/บาร์โค้ด สถานที่ สถานะ
1. การศึกษาทั่วไป
การศึกษาทั่วไป
DS578.32 ก443บ ฉ.1 
  Barcode: 26865
ห้องสมุดวิทยาเขตนครสวรรค์
►หนังสือทั่วไป:l:General Books
บนชั้น

BibComment


ยังไม่เคยถูกคอมเมนท์

คอมเมนท์ทรัพยากรรายการนี้
  คอมเมนท์: บันทึกประวัติศาส..


 Copyright 2026. Bcnsprnw @Library